Khảo sát khả năng phòng trị bệnh cháy bìa lá lúa do vi khuẩn Xanthomonas Oryzae PV. Oryzae của vi khuẩn đối kháng trong điều kiện nhà lưới : Luận văn tốt nghiệp cao học. Ngành Bảo vệ Thực vật

Đánh giá khả năng đối kháng của vi khuẩn vùng rễ đối với vi khuẩn gây bệnh cháy bìa lá lúa và khảo sát khả năng kiểm soát bệnh của vi khuẩn vùng rễ kết hợp khả năng phân giải chitin.

Na minha lista:
Detalhes bibliográficos
Autor principal: Nguyễn, Anh Tàu
Formato: Livro
Idioma:Undetermined
Publicado em: Cần Thơ Trường Đại học Cần Thơ 2013
Assuntos:
Tags: Adicionar Tag
Sem tags, seja o primeiro a adicionar uma tag!
Thư viện lưu trữ: Trung tâm Học liệu Trường Đại học Cần Thơ
LEADER 01252nam a2200217Ia 4500
001 CTU_185248
008 210402s9999 xx 000 0 und d
082 |a 632.9 
082 |b T111 
088 |a 60620112 
100 |a Nguyễn, Anh Tàu 
245 0 |a Khảo sát khả năng phòng trị bệnh cháy bìa lá lúa do vi khuẩn Xanthomonas Oryzae PV. Oryzae của vi khuẩn đối kháng trong điều kiện nhà lưới : 
245 0 |b Luận văn tốt nghiệp cao học. Ngành Bảo vệ Thực vật 
245 0 |c Nguyễn Anh Tàu ; Trần Vũ Phến (người hướng dẫn khoa học) 
260 |a Cần Thơ 
260 |b Trường Đại học Cần Thơ 
260 |c 2013 
520 |a Đánh giá khả năng đối kháng của vi khuẩn vùng rễ đối với vi khuẩn gây bệnh cháy bìa lá lúa và khảo sát khả năng kiểm soát bệnh của vi khuẩn vùng rễ kết hợp khả năng phân giải chitin. 
650 |a Vi khuẩn vùng rễ,Leaf blight of rice,Root nodule bacteria,Cháy bìa lá lúa 
910 |a Trúc 
980 |a Trung tâm Học liệu Trường Đại học Cần Thơ